Music Quiz

Random Music or Song Quiz

UK's Songs of Summer 2014 Quiz Stats

 Plays Quiz not verified by Sporcle

Challenge
Share
Tweet
Embed
Score 0/40 Timer 10:00
0 Plays Today
Position Song % Correct
#3Rude
81.6%
#1Ghost
78.9%
#9All of Me
78.9%
#19Happy
78.9%
#4Budapest
73.7%
#24Let It Go
73.7%
#6Stay With Me
71.1%
#20Chandelier
71.1%
#2Sing
68.4%
#5Problem
68.4%
#33Thinking Out Loud
63.2%
#37Rather Be
63.2%
#21Summer
60.5%
#11Am I Wrong
57.9%
#8Waves
55.3%
#31Fancy
55.3%
#34Don't
55.3%
#14A Sky Full of Stars
52.6%
#29Boom Clap
52.6%
#13Wiggle
50%
Position Song % Correct
#32Counting Stars
50%
#39Hideaway
42.1%
#25Me and My Broken Heart
39.5%
#12It's My Birthday
36.8%
#23I Will Never Let You Down
36.8%
#18Wasted
31.6%
#35Love Never Felt So Good
31.6%
#10Crazy Stupid Love
28.9%
#7Gecko (Overdrive)
26.3%
#26Somebody To You
26.3%
#17Don't Stop
23.7%
#36Salute
23.7%
#22Only Love Can Hurt Like This
21.1%
#30Faded
21.1%
#40Nobody To Love
21.1%
#28Jubel
15.8%
#38Lovers On The Sun
15.8%
#27I Wanna Feel
13.2%
#15Right Here
10.5%
#16Dangerous Love
10.5%

You're not logged in!

Compare scores with friends on all Sporcle quizzes.
OR
Log In

You Might Also Like...

Show Comments

Extras

Top Quizzes Today


Score Distribution

Your Account Isn't Verified!

In order to create a playlist on Sporcle, you need to verify the email address you used during registration. Go to your Sporcle Settings to finish the process.

Report this User

Report this user for behavior that violates our Community Guidelines.

Details: